Cambridge grammar for first certificate with answers self-study grammar reference and practice
Salvato in:
| Autore principale: | |
|---|---|
| Altri autori: | |
| Natura: | Libro |
| Lingua: | inglese |
| Pubblicazione: |
Cambridge
Cambridge University Press
2005
|
| Edizione: | 1st publ. |
| Accesso online: | Visualizza in OPAC |
| Tags: |
Nessun Tag, puoi essere il primo ad aggiungerne!!
|
MARC
| LEADER | 00000nam a2200000 a 4500 | ||
|---|---|---|---|
| 005 | 20260127134226.0 | ||
| 008 | 171201 2003 enk 000 0 eng d | ||
| 020 | |a 0521533368 |q (brož.) | ||
| 035 | |a vtls001523425 | ||
| 039 | 9 | |a 201712011425 |b VLOAD |c 200810290801 |d mkpoh04 |y 200504121038 |z mschk03 | |
| 040 | |a STUSCHK1 |b slo |c STUSCHK1 |e AACR2 | ||
| 080 | |a 802.0 | ||
| 100 | 1 | |a Hashemi, Louise | |
| 245 | 1 | 0 | |a Cambridge grammar for first certificate with answers |b self-study grammar reference and practice |
| 250 | |a 1st publ. |b 4th print. | ||
| 260 | |a Cambridge |b Cambridge University Press |c 2005 | ||
| 300 | |a xii, 260 s. | ||
| 500 | |a Obsahuje audio CD | ||
| 700 | 1 | |a Thomas, Barbara | |
| 910 | |a SCHK95 | ||
| 910 | |a pokpoh | ||
| 919 | |a 0-521-53336-8 | ||
| 999 | |c 7185 |d 7185 | ||